अगर ढोल मैं होताःबाल कविता- संग्रह / (Record no. 204956)

MARC details
000 -LEADER
fixed length control field 01020nam a22002057a 4500
005 - DATE AND TIME OF LATEST TRANSACTION
control field 20240808124554.0
010 ## - LCCN (DPL NO)
LC control number B-760183 CH-HN
020 ## - INTERNATIONAL STANDARD BOOK NUMBER
Terms of availability 80.00
International Standard Book Number 9789354099946
035 ## - SYSTEM CONTROL NUMBER
System control number B-760183
037 ## - SOURCE OF ACQUISITION
Source of stock number/acquisition उपहार
082 ## - DEWEY DECIMAL CLASSIFICATION NUMBER
Classification number 821
100 ## - MAIN ENTRY--PERSONAL NAME
Personal name दिविक रमेश
245 ## - TITLE STATEMENT
Title अगर ढोल मैं होताःबाल कविता- संग्रह /
Statement of responsibility, etc दिविक रमेश; सीमा द्वारा संपादित
260 ## - PUBLICATION, DISTRIBUTION, ETC. (IMPRINT)
Place of publication, distribution, etc नई दिल्ली
Name of publisher, distributor, etc प्रकाशन विभाग
Date of publication, distribution, etc 2023
270 ## - ADDRESS
Address सूचना और प्रसारण मंत्रालय
City नई दिल्ली
300 ## - PHYSICAL DESCRIPTION
Extent 38 पृ.
Dimensions 24 सेमी (अजिल्द)
Other physical details सचित्र
700 ## - ADDED ENTRY--PERSONAL NAME
Personal name सीमा द्वारा
9 (RLIN) 69740
942 ## - ADDED ENTRY ELEMENTS (KOHA)
Source of classification or shelving scheme Dewey Decimal Classification
Item type Children Books
Classification part 821
Call number suffix दिविक
Holdings
Withdrawn status Lost status Not for loan Collection code Home library Current library Date acquired Source of acquisition Cost, normal purchase price Full call number Barcode Copy number Cost, replacement price Koha item type Public note
      Non-fiction Kadipur Kadipur 08/08/2024 उपहार/08.07.2024 80.00 821 दिविक B-760183 1 80.00 Children Books उपहार

© Delhi Public Library
Hit Counter
free hit counter